000 00528nam a2200097Ia 4500
008 170517s9999 xx 000 0 und d
245 4 _aThe Disappearing Male
300 _aThe Disappearing Male is about one of the most important, and least publicized, issues facing the human species: the toxic threat to the male reproductive system. The last few decades have seen steady and dramatic increases in the incidence of boys and young men...
650 _xTechnology.
856 _uhttp://topdocumentaryfilms.com/the-disappearing-male/
999 _c335103
_d335103